000 00926cam a2200253 a 4500
001 12221310
005 20180209065640.0
008 001103s2001 mdu b 001 0 eng
010 _a 00065069
020 _a073552016X
040 _aDLC
_cDLC
_dDLC
041 _aeng
043 _an-us---
080 _a342.73
082 0 0 _a342.73 STO
_221
100 _a14
101 _aSHJ
245 0 0 _aConstitutional law /
_cGeoffrey R. Stone ... [et al.].
504 _aIncludes bibliographical references (p. 1581-1601) and index.
525 _aKept up to date by supplements.
906 _a7
_bcbc
_corignew
_d1
_eocip
_f20
_gy-gencatlg
942 _2ddc
_cBK
999 _c42242
_d42242